[Event "World Senior Teams +50"]
[Site "Dresden GER"]
[Date "2015.03.02"]
[Round "7.1"]
[White "Ftacnik, Lubomir"]
[Black "Casper, Thomas"]
[Result "1-0"]
[WhiteTitle "GM"]
[BlackTitle "IM"]
[WhiteElo "2545"]
[BlackElo "2387"]
[WhiteTeam "Slovakia"]
[BlackTeam "Thueringen"]
[WhiteFideId "14900017"]
[BlackFideId "4611403"]
[EventDate "2015.02.24"]

1. d4 Nf6 2. Nf3 d6 3. c4 Nbd7 4. Nc3 e5 5. e4 g6 6. Be2 Bg7 7. O-O O-O 8. Qc2
Re8 9. Be3 Ng4 10. Bg5 Bf6 11. Bxf6 Ngxf6 12. Rad1 exd4 13. Nxd4 Nc5 14. f3 a5
15. Ndb5 Bd7 16. Qd2 Bc6 17. Rfe1 Re7 18. Bf1 Qf8 19. Qd4 Qg7 20. e5 Ne8 21. f4
Nd7 22. exd6 Qxd4+ 23. Nxd4 Rxe1 24. Rxe1 Nxd6 25. g3 Kf8 26. Nxc6 bxc6 27. b3
Re8 28. Rxe8+ Kxe8 29. Bg2 Nb8 30. Na4 Nb7 31. g4 Kd7 32. Kf2 Na6 33. Ke3 Nac5
34. Nc3 h6 35. h4 Nd6 36. Ne2 Ne6 37. Bh3 Ke7 38. f5 gxf5 39. gxf5 Nf8 40. Nd4
Kd7 41. f6+ Ne6 42. c5 1-0

[Event "World Senior Teams +50"]
[Site "Dresden GER"]
[Date "2015.03.02"]
[Round "7.3"]
[White "Timoscenko, Gennadij"]
[Black "Paehtz, Thomas"]
[Result "1-0"]
[WhiteTitle "GM"]
[BlackTitle "GM"]
[WhiteElo "2457"]
[BlackElo "2365"]
[WhiteTeam "Slovakia"]
[BlackTeam "Thueringen"]
[WhiteFideId "14901536"]
[BlackFideId "4611349"]
[EventDate "2015.02.24"]

1. d4 e6 2. c4 Bb4+ 3. Bd2 a5 4. Nc3 Nf6 5. a3 Bxc3 6. Bxc3 d5 7. e3 O-O 8. Nf3
b6 9. Bd3 Ba6 10. Qe2 dxc4 11. Bxc4 Bxc4 12. Qxc4 Na6 13. O-O Qd5 14. Qe2 Ne4
15. Rac1 Rfd8 16. Rfd1 Qb7 17. Nd2 Nxc3 18. bxc3 Nb8 19. Rb1 Nd7 20. a4 Qc6 21.
Qc4 Qxc4 22. Nxc4 Kf8 23. e4 f6 24. f3 e5 25. Kf2 Re8 26. Rb5 Rad8 27. dxe5 Nxe5
28. Rxd8 Rxd8 29. Nxe5 fxe5 30. Ke2 Re8 31. c4 Re6 32. c5 Ke7 33. cxb6 cxb6 34.
h4 Kf6 35. g3 Rc6 36. Kd3 Rd6+ 37. Rd5 Rc6 38. f4 exf4 39. gxf4 g6 40. h5 Ke6
41. h6 Rc1 42. Rb5 Rc6 43. Re5+ Kf7 44. Rd5 Ke7 45. Rb5 Rd6+ 46. Ke3 Rc6 47. Kf3
Rc3+ 48. Kg4 Rc6 49. e5 Ke6 50. Kg5 Ke7 51. Rb3 Ke6 52. Rd3 Ke7 53. Rd4 Ke8 54.
Kg4 Ke7 55. Kf3 Rc3+ 56. Ke4 Rb3 57. Rc4 Kd7 58. Kd5 Rd3+ 59. Ke4 Rb3 60. Kd5
Rd3+ 61. Rd4 Rc3 62. Ke4+ Ke7 63. Rd6 Rb3 64. Kd5 b5 65. Ra6 bxa4 66. Ra7+ Kf8
67. Rxa5 Rb7 68. Rxa4 Kf7 69. Ke4 Ke7 70. Kf3 Rb3+ 71. Kg4 Rb7 72. f5 gxf5+ 73.
Kxf5 Kf7 74. Ra8 Rb1 75. Ra7+ Kg8 76. Kf6 Rf1+ 77. Ke6 Rf8 78. Kd6 Rb8 79. e6
Rb6+ 80. Ke7 1-0

[Event "World Senior Teams +50"]
[Site "Dresden GER"]
[Date "2015.03.02"]
[Round "7.4"]
[White "Brueggemann, Joachim"]
[Black "Petran, Peter"]
[Result "1/2-1/2"]
[WhiteTitle "IM"]
[BlackTitle "IM"]
[WhiteElo "2304"]
[BlackElo "2352"]
[WhiteTeam "Thueringen"]
[BlackTeam "Slovakia"]
[WhiteFideId "4611861"]
[BlackFideId "14900114"]
[EventDate "2015.02.24"]

1. e4 g6 2. d4 Bg7 3. Nc3 c6 4. Nf3 b5 5. a4 b4 6. Na2 a5 7. c3 bxc3 8. bxc3 d5
9. e5 Ba6 10. Bxa6 Nxa6 11. Ba3 e6 12. Nc1 Bf8 13. Bxf8 Kxf8 14. Nd3 Kg7 15. Rb1
Qc7 16. O-O Ne7 17. Qd2 Rhb8 18. h4 h5 19. Qg5 Ng8 20. Nf4 Kf8 21. g4 hxg4 22.
Qxg4 Qe7 23. h5 Nh6 24. Qg2 gxh5 25. Nxh5 Ke8 26. Nf6+ Kd8 27. Qh3 Nf5 28. Ng5
Kc7 29. Rxb8 Rxb8 30. Qh7 Rb3 31. Rc1 Nb8 32. Nxf7 Nd7 33. Ng5 Nf8 34. Nxe6+
Nxe6 35. Qxf5 Qg7+ 36. Kf1 Qh6 37. Qh7+ Qxh7 38. Nxh7 Nf4 39. Nf6 Ra3 40. f3
Rxa4 41. Rc2 c5 42. Kf2 Kc6 43. Ke3 Ne6 44. dxc5 Kxc5 45. Rd2 d4+ 46. cxd4+ Rxd4
47. Rc2+ Kb5 48. Ne4 Rb4 49. f4 Rb3+ 50. Rc3 Rxc3+ 51. Nxc3+ Kc4 52. Na4 Kd5 53.
Nb2 Nd4 54. Nd1 Nc6 55. Nc3+ Kc4 56. Ne4 a4 1/2-1/2

[Event "World Senior Teams +50"]
[Site "Dresden GER"]
[Date "2015.03.03"]
[Round "8.1"]
[White "Meister, Jakob"]
[Black "Ftacnik, Lubomir"]
[Result "0-1"]
[WhiteTitle "GM"]
[BlackTitle "GM"]
[WhiteElo "2478"]
[BlackElo "2545"]
[WhiteTeam "Emanuel Lasker Gesellschaft"]
[BlackTeam "Slovakia"]
[WhiteFideId "4102541"]
[BlackFideId "14900017"]
[EventDate "2015.02.24"]

1. d4 Nf6 2. Bf4 c5 3. dxc5 Na6 4. Qd4 Qa5+ 5. Nc3 Nxc5 6. Bd2 Qb6 7. Nf3 d6 8.
Na4 Nxa4 9. Qxa4+ Bd7 10. Qb3 g6 11. Qxb6 axb6 12. Bc3 Bg7 13. e4 Bc6 14. Nd2
O-O 15. f3 d5 16. exd5 Nxd5 17. Bxg7 Kxg7 18. c3 Rfd8 19. a3 Ne3 20. Rc1 Ra5 21.
Nc4 Nxc4 22. Bxc4 Re5+ 23. Be2 Ba4 24. Rf1 Bb3 25. Rf2 f5 26. f4 Re4 27. Kf1 e5
28. fxe5 Rxe5 29. Bf3 Rd7 30. g3 g5 31. Kg1 Kg6 32. Be2 b5 33. Bf1 h5 34. Be2 g4
35. Bf1 Kg5 36. Be2 h4 37. gxh4+ Kxh4 38. Bf1 Kg5 39. Be2 Rde7 40. Bd3 f4 41.
Rcf1 Rd7 42. Bc2 Bc4 43. Rc1 Rde7 44. Rd2 Re2 45. Rcd1 f3 46. Bd3 Rxd2 47. Rxd2
Rd7 0-1

[Event "World Senior Teams +50"]
[Site "Dresden GER"]
[Date "2015.03.03"]
[Round "8.2"]
[White "Stohl, Igor"]
[Black "Gruenberg, Hans-Ulrich"]
[Result "1/2-1/2"]
[WhiteTitle "GM"]
[BlackTitle "IM"]
[WhiteElo "2493"]
[BlackElo "2375"]
[WhiteTeam "Slovakia"]
[BlackTeam "Emanuel Lasker Gesellschaft"]
[WhiteFideId "14900025"]
[BlackFideId "4611306"]
[EventDate "2015.02.24"]

1. d4 Nf6 2. c4 g6 3. Nc3 Bg7 4. e4 d6 5. Nf3 O-O 6. Be2 c5 7. O-O Nc6 8. d5 Na5
9. Bf4 Nh5 10. Bg5 h6 11. Be3 e5 12. Qd2 Kh7 13. Ne1 Nf4 14. Bxf4 exf4 15. Qxf4
f5 16. exf5 Bxc3 1/2-1/2

[Event "World Senior Teams +50"]
[Site "Dresden GER"]
[Date "2015.03.03"]
[Round "8.3"]
[White "Uhlmann, Wolfgang"]
[Black "Timoscenko, Gennadij"]
[Result "0-1"]
[WhiteTitle "GM"]
[BlackTitle "GM"]
[WhiteElo "2326"]
[BlackElo "2457"]
[WhiteTeam "Emanuel Lasker Gesellschaft"]
[BlackTeam "Slovakia"]
[WhiteFideId "4611284"]
[BlackFideId "14901536"]
[EventDate "2015.02.24"]

1. c4 e5 2. Nc3 Nf6 3. Nf3 Nc6 4. g3 d5 5. cxd5 Nxd5 6. Bg2 Nb6 7. O-O Be7 8.
Rb1 a5 9. Na4 Nxa4 10. Qxa4 O-O 11. d3 Nd4 12. Nxd4 exd4 13. Bf4 c6 14. Be5 Bf6
15. Bxf6 Qxf6 16. Rbc1 Re8 17. Rfe1 Bg4 18. Rc2 h5 19. h3 Bf5 20. Kf1 Qd6 21.
Qa3 Qd7 22. Rc5 g6 23. h4 Re7 24. Rxa5 Rae8 25. Ra8 Bh3 26. Rxe8+ Rxe8 27. Qc5
Bxg2+ 28. Kxg2 Re6 29. a4 Rd6 30. Qc4 Rd5 31. e4 dxe3 32. Rxe3 Rd4 33. Qb3 c5
34. a5 Qc6+ 35. Rf3 Qd7 36. Kg1 Ra4 37. Qb6 Qd5 38. Qf6 Rxa5 39. Kh2 Ra6 40. Qf4
Ra1 41. Kg2 Rb1 42. Qd2 b5 43. Qc2 Re1 44. Qd2 Re5 45. Qf4 c4 46. Kh2 Rf5 47.
Qb8+ Kg7 48. Rxf5 Qxf5 49. dxc4 Qxf2+ 50. Kh1 Qf1+ 51. Kh2 Qf2+ 52. Kh1 Qe1+ 53.
Kg2 Qe2+ 54. Kg1 Qe3+ 55. Kg2 Qe4+ 56. Kf2 Qc2+ 57. Ke3 Qb3+ 0-1

[Event "World Senior Teams +50"]
[Site "Dresden GER"]
[Date "2015.03.03"]
[Round "8.4"]
[White "Petran, Peter"]
[Black "Espig, Lutz"]
[Result "1/2-1/2"]
[WhiteTitle "IM"]
[BlackTitle "GM"]
[WhiteElo "2352"]
[BlackElo "2294"]
[WhiteTeam "Slovakia"]
[BlackTeam "Emanuel Lasker Gesellschaft"]
[WhiteFideId "14900114"]
[BlackFideId "4611276"]
[EventDate "2015.02.24"]

1. d4 d5 2. Nf3 e6 3. Bg5 Be7 4. Bxe7 Qxe7 5. Nbd2 Nf6 6. e3 Nbd7 7. c4 O-O 8.
Qc2 c5 9. cxd5 Nxd5 10. a3 cxd4 11. Nxd4 N7f6 12. Be2 Bd7 13. Qb3 e5 14. N4f3 b5
15. O-O a6 16. Rfc1 Rfc8 17. Qd1 Rxc1 18. Rxc1 Rc8 19. Rxc8+ Bxc8 20. Qc2 Bb7
21. Nb3 e4 22. Nfd4 g6 23. Na5 Nb6 24. Nxb7 Qxb7 25. Qc6 Qxc6 26. Nxc6 Nfd5 27.
Kf1 Na4 28. b3 Nac3 29. Ke1 f5 30. Bd1 Nxd1 31. Kxd1 Kf7 32. Kd2 Ke6 33. Nb8 a5
34. Nc6 a4 35. Nd4+ Kd7 36. Nxb5 axb3 37. g3 g5 38. Nd4 b2 39. Kc2 f4 40. exf4
gxf4 41. gxf4 Nxf4 42. Kxb2 Nd3+ 43. Kc3 Nxf2 44. Ne2 Ng4 45. h3 Ne5 46. Kd4
Nf3+ 47. Ke3 Ng5 48. h4 Nf3 49. h5 Ng5 50. Nc3 h6 51. Nxe4 Ne6 52. Ng3 Ng7 53.
Kd4 Kc6 54. Kc4 Kb6 55. Kb4 Ka6 56. a4 Ne6 57. a5 Nf4 58. Ka4 Nd5 59. Ne4 Nf4
60. Nf6 Ne6 1/2-1/2

[Event "World Senior Teams +50"]
[Site "Dresden GER"]
[Date "2015.03.04"]
[Round "9.1"]
[White "Ftacnik, Lubomir"]
[Black "Schubert, Thomas"]
[Result "1-0"]
[WhiteTitle "GM"]
[BlackTitle "FM"]
[WhiteElo "2545"]
[BlackElo "2347"]
[WhiteTeam "Slovakia"]
[BlackTeam "Schachgemeinschaft Leipzig"]
[WhiteFideId "14900017"]
[BlackFideId "4643038"]
[EventDate "2015.02.24"]

1. c4 d6 2. d4 Nf6 3. Nf3 Bg4 4. g3 Bxf3 5. exf3 c6 6. d5 g6 7. Nc3 Bg7 8. Bg2
O-O 9. O-O cxd5 10. cxd5 Nbd7 11. Re1 Re8 12. f4 a6 13. Be3 Nc5 14. Rc1 Rc8 15.
Bh3 Rc7 16. b4 Ncd7 17. Qb3 Qc8 18. Kg2 Qa8 19. g4 b5 20. g5 Nh5 21. Nxb5 Rxc1
22. Rxc1 axb5 23. Bxd7 Rd8 24. Bxb5 e5 25. f5 gxf5 26. Be2 Nf4+ 27. Bxf4 exf4
28. b5 Bd4 29. a4 Qa5 30. Qd3 Bc5 31. Qxf5 Qd2 32. Rc2 Qd4 33. Bd3 Kf8 34. Qe4
Qxe4+ 35. Bxe4 Ra8 36. Rc4 Kg7 37. Bd3 f6 38. h4 fxg5 39. hxg5 f3+ 40. Kxf3 Bb6
41. Kg3 1-0

[Event "World Senior Teams +50"]
[Site "Dresden GER"]
[Date "2015.03.04"]
[Round "9.2"]
[White "Boehnisch, Manfred"]
[Black "Stohl, Igor"]
[Result "0-1"]
[WhiteTitle "FM"]
[BlackTitle "GM"]
[WhiteElo "2285"]
[BlackElo "2493"]
[WhiteTeam "Schachgemeinschaft Leipzig"]
[BlackTeam "Slovakia"]
[WhiteFideId "4611543"]
[BlackFideId "14900025"]
[EventDate "2015.02.24"]

1. e4 c5 2. Nf3 d6 3. c3 Nf6 4. Be2 g6 5. O-O Bg7 6. Re1 O-O 7. Bf1 Nc6 8. h3 e5
9. d4 exd4 10. cxd4 cxd4 11. Nxd4 Nxd4 12. Qxd4 Re8 13. Qd3 Bf5 14. f3 d5 15. g4
Qc7 16. Qd2 Qg3+ 17. Bg2 dxe4 18. Qf2 Qxf2+ 19. Kxf2 exf3 20. Rxe8+ Rxe8 21.
Bxf3 Be4 22. Nc3 Bxf3 23. Kxf3 Nd7 24. Bf4 Ne5+ 25. Bxe5 Bxe5 26. Re1 Kf8 27.
Re3 f6 28. b3 Rd8 29. Ne4 Rd5 30. a4 Kf7 31. Nf2 Rd2 32. Re4 Bd4 33. Nh1 f5 34.
gxf5 gxf5 35. Rh4 Kg6 36. b4 h5 37. Rf4 Kg5 0-1

[Event "World Senior Teams +50"]
[Site "Dresden GER"]
[Date "2015.03.04"]
[Round "9.3"]
[White "Timoscenko, Gennadij"]
[Black "Schoeneberg, Manfred"]
[Result "1-0"]
[WhiteTitle "GM"]
[BlackTitle "FM"]
[WhiteElo "2457"]
[BlackElo "2238"]
[WhiteTeam "Slovakia"]
[BlackTeam "Schachgemeinschaft Leipzig"]
[WhiteFideId "14901536"]
[BlackFideId "4611845"]
[EventDate "2015.02.24"]

1. Nf3 c5 2. c4 g6 3. d4 cxd4 4. Nxd4 Bg7 5. e4 Nc6 6. Be3 Nf6 7. Nc3 d6 8. Be2
O-O 9. O-O Bd7 10. Qd2 a5 11. Ndb5 a4 12. c5 dxc5 13. Bxc5 b6 14. Ba3 Qb8 15.
Nd5 Nxe4 16. Nxe7+ Nxe7 17. Qxd7 Nc5 18. Qg4 Nf5 19. Rfe1 h5 20. Qc4 Nd6 21.
Nxd6 Qxd6 22. Rad1 Qc7 23. Bf3 Rad8 24. b3 axb3 25. axb3 Rxd1 26. Rxd1 Rd8 27.
Rxd8+ Qxd8 28. Bd5 Qf6 29. Bc1 Ne6 30. g3 Nd4 31. Kg2 Nf5 32. Qc8+ Kh7 33. Qb7
Ne7 34. Bc4 Kg8 35. Be3 Nf5 36. Bxb6 h4 37. Bc5 Nh6 38. Qe4 Qg5 39. b4 h3+ 40.
Kxh3 Nf5 41. Kg2 1-0

[Event "World Senior Teams +50"]
[Site "Dresden GER"]
[Date "2015.03.04"]
[Round "9.4"]
[White "Weber, Bernd"]
[Black "Petran, Peter"]
[Result "0-1"]
[BlackTitle "IM"]
[WhiteElo "2159"]
[BlackElo "2352"]
[WhiteTeam "Schachgemeinschaft Leipzig"]
[BlackTeam "Slovakia"]
[WhiteFideId "24615714"]
[BlackFideId "14900114"]
[EventDate "2015.02.24"]

1. d4 g6 2. c4 Bg7 3. Nc3 c5 4. d5 f5 5. Qc2 Nf6 6. Nf3 d6 7. e3 O-O 8. Bd3 e5
9. dxe6 Bxe6 10. O-O Nc6 11. Ng5 Bd7 12. Nh3 Nb4 13. Qe2 Bc6 14. Bb1 Ne4 15.
Nxe4 fxe4 16. a3 Na6 17. Rd1 Nc7 18. Ra2 Qe7 19. b4 b6 20. b5 Bb7 21. Bb2 Rad8
22. Bxg7 Kxg7 23. Rad2 g5 24. Qg4 h6 25. Qg3 Rf6 26. Nf4 Kh8 27. Ne2 Re6 28. Nc3
Qf6 29. Ne2 Ne8 30. Qg4 Re5 31. Ng3 Bc8 32. Qe2 Qe6 33. Rd5 Bb7 34. Rxe5 Qxe5
35. Qc2 Nf6 36. Ne2 d5 37. cxd5 Rxd5 38. Nc3 Rxd1+ 39. Nxd1 Kg7 40. Nc3 Kf8 41.
Ba2 Ke7 42. h3 Bc8 43. Bb1 Bd7 44. a4 Be6 45. Ba2 Bxa2 46. Nxa2 Nd5 47. g3 h5
48. Kg2 Kd6 49. Nc1 Qf5 50. Qd2 h4 51. Ne2 Kc7 52. gxh4 gxh4 53. Nc3 Nb4 54. Qe2
Nd3 55. Nd1 Qe5 56. Qg4 Ne1+ 57. Kf1 Nf3 58. Qg6 Qd5 59. Qg7+ Qd7 60. Qxd7+ Kxd7
61. Nc3 Ng5 62. Kg2 Kd6 63. Kh2 Ke5 64. Kg2 Nf3 65. Kf1 Ng5 66. Kg2 Kd6 67. Kh2
Kc7 68. Nd5+ Kd6 69. Nc3 c4 70. Kg2 Kc5 71. Na2 Nf3 72. Kf1 Nd2+ 73. Ke2 Nf3 74.
Kf1 Ng5 75. Kg2 Kd5 76. Nc3+ Ke5 77. Ne2 Nf3 78. Nc3 Nd2 79. Kg1 Kd6 80. Kg2 Kc5
81. Na2 Kd6 82. Nc3 Kc7 83. Kg1 Kb7 84. Kg2 a6 85. bxa6+ Kxa6 86. f4 exf3+ 87.
Kf2 Ka5 88. Ke1 Nb3 89. Nd5 Nc5 90. Kf2 Nxa4 91. Kxf3 b5 92. e4 b4 93. Ne3 Kb5
94. Ke2 Nc5 95. e5 Ne6 96. Kd2 Kc5 97. Nf5 Kd5 98. Nxh4 Ng5 99. Nf5 Kxe5 0-1